Subdivisions of France, Spain and Italy on a map - Statistics

General Stats
  • This quiz has been taken 288 times
  • The average score is 27 of 49
Answers on the Map
Answers color-coded by a green-red scale on the quiz's map according to % correct below.
 
Answer Stats
Country Region % Correct
Spain Catalonia
87%
France Corsica
83%
Italy Sicily
83%
France Brittany
81%
Spain Madrid
81%
France Normandy
81%
Italy Sardinia
79%
Spain Galicia
73%
Spain Andalusia
71%
Italy Lombardy
71%
Spain Valencia
71%
Italy Tuscany
70%
France Ile-de-France
66%
Spain Aragon
63%
Spain Balearic Islands
62%
France Provence-Alpes-Côte d'Azur
62%
Spain Asturia
59%
Spain Basque Country
59%
Spain Murcia
57%
Italy Piedmont
56%
France Grand-Est
53%
Italy Lazio
53%
Spain Navarra
52%
France Burgundy-Franche-Comte
51%
Italy Calabria
50%
Italy Liguria
49%
France Pays de la Loire
49%
Spain Extremadura
48%
France Occitania
48%
Italy Veneto
48%
Spain Cantabria
46%
Italy Trentino - Alto Adige
43%
Italy Umbria
43%
Italy Apulia
42%
Spain Castile and León
42%
Italy Emilia-Romagna
42%
France Auvergne-Rhône-Alpes
41%
Italy Friuli- Venezia Giulia
41%
France Hauts-de-France
41%
Spain La Rioja
41%
France New Aquitaine
41%
Italy Campania
40%
Italy Aosta Valley
39%
Italy Basilicata
39%
Spain Castile-La Mancha
38%
Italy Molise
38%
Italy Abruzzo
36%
Italy Marche
33%
France Centre-Loire Valley Region
27%
No matching quizzes found
Score Distribution
Percent of People with Each Score
Percentile by Number Answered
Your Score History
You have not taken this quiz